| 000 | 00438nam a2200097Ia 4500 | ||
|---|---|---|---|
| 008 | 180130s9999 xx 000 0 und d | ||
| 245 |
_cMann, Gabriela _aWhy war? Between transformational and terminal links in the field of therapeutic play and beyond |
||
| 260 | _c2014 | ||
| 300 | _aBook title: Play : psychoanalytic perspectives, survival and human development--Acession number C18636; pages 118-132 | ||
| 650 | _aPLAY--PSYCHOLOGICAL ASPECTS | ||
| 999 |
_c354511 _d354511 |
||